Legislação atualizada : (Record no. 1201)

MARC details
000 -LÍDER
Campo Fixo de Controle 00850nam a2200253 a 4500
001 - NÚMERO DE CONTROLE
Campo de Controle 1201
003 - IDENTIFICAÇÃO DO NÚMERO DE CONTROLE
Campo de Controle BR-CuiBMT
005 - DATA E HORA DA ÚLTIMA ATUALIZAÇÃO
Campo de Controle 20231201001141.0
008 - DADOS FIXOS
Dados Fixos 231201s2008 prba 001 0 por d
040 ## - AGÊNCIA CATALOGADORA
Código da Agência Catalogadora BR-CuiBMT
Agência que transcreveu o registro BR-CuiBMT
080 ## - Nº DA CLASSIFICAÇÃO DECIMAL UNIVERSAL
Nº edição CDU 2007
Nº Class. CDU 351.712
Subd. Auxiliar Comum (81)
090 ## - NÚMERO DE CHAMADA
Nº classificação 351.712(81)
Cutter L514
Ano/Edição 5. ed.
245 1# - TÍTULO PRINCIPAL
Título principal Legislação atualizada :
Subtítulo licitações, pregão presencial e eletrônico, leis complementares /
Indicação de responsabilidade Jair Eduardo Santana, Fernanda Andrade, organizadores.
250 ## - EDIÇÃO
Edição 5. ed.
260 ## - PUBLICAÇÃO, DISTRIBUIÇÃO, ETC.
Local de publicação Curitiba :
Editora Negócios Públicos,
Data 2008.
300 ## - DESCRIÇÃO FÍSICA
N. páginas ou volumes 160 p.:
Ilustrações il.
Dimensões 24 cm
504 ## - NOTA DE BIBLIOGRAFIA, ETC.
Nota de bibliografia Inclui bibliografia.
650 ## - ASSUNTO TÓPICO
Cabeçalho tópico ou nome geográfico Licitação pública
Subdivisão geográfica Brasil
650 ## - ASSUNTO TÓPICO
Cabeçalho tópico ou nome geográfico Pregão
Subdivisão geral licitação pública
650 ## - ASSUNTO TÓPICO
Cabeçalho tópico ou nome geográfico Direito administrativo
700 ## - ENTRADA SECUNDÁRIA -- NOME PESSOAL
Cód. do termo explicativo org.
Nome pessoal Santana, Jair Eduardo
700 ## - ENTRADA SECUNDÁRIA -- NOME PESSOAL
Cód. do termo explicativo org.
Nome pessoal Andrade, Fernanda
942 ## - ELEMENTOS DE ENTRADA ADICIONAIS (KOHA)
Fonte de classificação ou esquema de arquivamento Classificação Decimal Universal
Tipo de item do Koha Livros
Holdings
Estado: removido Estado: perdido Fonte de classificação ou esquema de arquivamento Estado: danificado Indisponível para empréstimo Localização permanente Localização atual Data de aquisição Total Checkouts Número de Chamada completo Código de barras Date last seen Número do exemplar Preço efetivo a partir de Tipo de item (Koha)
    Classificação Decimal Universal     Biblioteca da Escola Superior de Contas do TCE/MT Biblioteca da Escola Superior de Contas do TCE/MT 17/10/2018   351.712(81) L514 BIBTCEMT23120002 01/12/2023 Ex. 1 01/12/2023 Livros

Powered by Koha